000 00186 a2200097 4500
020 _a9780753456088
041 _aeng
100 _aAllen, Judy
245 _aAre you a Buterfly?
942 _cBK
999 _c8517
_d8517